Fremantle Dockers Roster - Statistics

General Stats
  • This quiz has been taken 10 times
    2 since last reset
  • The average score is 42 of 44
Answer Stats
Hint Answer % Correct
15 Adam Sweid
100%
25 Alex Pearce
100%
8 Andrew Brayshaw
100%
41 Bailey Banfield
100%
31 Brandon Walker
100%
36 Brennan Cox
100%
3 Caleb Serong
100%
22 Charlie Nicholls
100%
45 Christopher Scerri
100%
34 Corey Wagner
100%
26 Hayden Young
100%
5 Heath Chapman
100%
12 Hugh Davies
100%
43 Isaiah Dudley
100%
2 Jaeger O'Meara
100%
38 Jaren Carr
100%
14 Jeremy Sharp
100%
6 Jordan Clark
100%
35 Josh Treacy
100%
37 Joshua Draper
100%
17 Judd Mcvee
100%
24 Jye Amiss
100%
23 Karl Worner
100%
9 Luke Jackson
100%
13 Luke Ryan
100%
18 Mason Cox
100%
44 Matthew Johnson
100%
32 Michael Frederick
100%
16 Murphy Reid
100%
30 Nathan O'Driscoll
100%
28 Neil Erasmus
100%
33 Ollie Murphy
100%
21 Oscar McDonald
100%
20 Patrick Voss
100%
40 Ryda Luke
100%
1 Sam Sturt
100%
39 Sam Switkowski
100%
4 Sean Darcy
100%
10 Shai Bolton
100%
11 Tobyn Murray
100%
27 Toby Whan
100%
42 Aiden Riddle
50%
29 Cooper Simpson
50%
19 Leon Pickett
0%
No matching quizzes found
Score Distribution
Percent of People with Each Score
Percentile by Number Answered
Your Score History
You have not taken this quiz since the last reset